Maafkan Abang / (Record no. 118461)
[ view plain ]
| 000 -LEADER | |
|---|---|
| fixed length control field | 00734nam a2200253 i 4500 |
| 001 - CONTROL NUMBER | |
| control field | C2-0317391 |
| 003 - CONTROL NUMBER IDENTIFIER | |
| control field | PPAK |
| 005 - DATE AND TIME OF LATEST TRANSACTION | |
| control field | 20201119113404.0 |
| 008 - FIXED-LENGTH DATA ELEMENTS--GENERAL INFORMATION | |
| fixed length control field | 120912s2012 my |||gr||||| | f may d |
| 020 ## - INTERNATIONAL STANDARD BOOK NUMBER | |
| International Standard Book Number | 9789673650927 |
| Qualifying information | paperback |
| 040 ## - CATALOGING SOURCE | |
| Original cataloging agency | PPAK |
| Language of cataloging | eng |
| Transcribing agency | PPAK |
| Description conventions | rda |
| 082 04 - DEWEY DECIMAL CLASSIFICATION NUMBER | |
| Classification number | 899.2333 |
| Edition number | 23 |
| 090 00 - LOCALLY ASSIGNED LC-TYPE CALL NUMBER (OCLC); LOCAL CALL NUMBER (RLIN) | |
| Classification number (OCLC) (R) ; Classification number, CALL (RLIN) (NR) | 899.2333 |
| Feature heading | EYL |
| Feature heading | G |
| 100 0# - MAIN ENTRY--PERSONAL NAME | |
| Personal name | Eyla Hime, |
| Relator term | author |
| 245 10 - TITLE STATEMENT | |
| Title | Maafkan Abang / |
| Statement of responsibility, etc. | EYLA HIME ; Editor Noorhafedah Jamiyil. |
| 264 #1 - PRODUCTION, PUBLICATION, DISTRIBUTION, MANUFACTURE, AND COPYRIGHT NOTICE | |
| Place of production, publication, distribution, manufacture | Kuala Lumpur : |
| Name of producer, publisher, distributor, manufacturer | Fajar Pakeer Sdn. Bhd. , |
| Date of production, publication, distribution, manufacture, or copyright notice | 2012 |
| 300 ## - PHYSICAL DESCRIPTION | |
| Extent | 562 pages ; |
| Dimensions | 19 cm |
| 336 ## - CONTENT TYPE | |
| Source | rdacontent |
| Content type term | text |
| 337 ## - MEDIA TYPE | |
| Source | rdamedia |
| Media type term | unmediated |
| 338 ## - CARRIER TYPE | |
| Source | rdacarrier |
| Carrier type term | volume |
| 650 10 - SUBJECT ADDED ENTRY--TOPICAL TERM | |
| Topical term or geographic name entry element | Malay fiction. |
| 700 0# - ADDED ENTRY--PERSONAL NAME | |
| Personal name | Noorhafedah Jamiyil, |
| Relator term | editor |
| 942 ## - ADDED ENTRY ELEMENTS (KOHA) | |
| Koha item type | Book |
| Source of classification or shelving scheme | Dewey Decimal Classification |
| Withdrawn | Not for loan | Current library | Shelving location | Date acquired | Total Checkouts | Full call number | Barcode | Date last seen | Date last checked out | Koha item type |
|---|---|---|---|---|---|---|---|---|---|---|
| Perpustakaan Kulim | Pinjaman Dewasa | 23/09/2012 | 2 | 899.233 EYL | A01383440 | 21/01/2023 | 27/12/2022 | Book | ||
| Perpustakaan Merbok | Pinjaman Dewasa | 23/09/2012 | 1 | 899.233 EYL | A01383447 | 09/03/2021 | 12/01/2021 | Book | ||
| Perpustakaan Yan | Pinjaman Dewasa | 23/09/2012 | 1 | 899.233 EYL | A01383441 | 14/02/2022 | 31/01/2022 | Book | ||
| PD03, Kg. Pulau Pisang, Jitra | Pinjaman Dewasa | 23/09/2012 | 899.233 EYL | A01383456 | 09/05/2018 | Book | ||||
| PD13, KEDA Lahar Tunjung, Pendang | Pinjaman Dewasa | 23/09/2012 | 899.233 EYL | A01383446 | 09/05/2018 | Book | ||||
| PD19, KEDA Bendang Perang, Kota Setar | Pinjaman Dewasa | 23/09/2012 | 899.233 EYL | A01383472 | 09/05/2018 | Book | ||||
| PD24, Felda Bukit Tangga, Bukit Kayu Hitam | Pinjaman Dewasa | 23/09/2012 | 899.233 EYL | A01383477 | 09/05/2018 | Book | ||||
| PD29, Kg. Gajah Putih, Sik | Pinjaman Dewasa | 23/09/2012 | 899.233 EYL | A01383482 | 09/05/2018 | Book | ||||
| PD35, Kg. Sungai Daun, Yan | Pinjaman Dewasa | 23/09/2012 | 899.233 EYL | A01383488 | 09/05/2018 | Book | ||||
| T-PD26, Kg. Lubuk Batu, Jitra | Pinjaman Dewasa | 26/11/2020 | 1 | 899.2333 EYL | A00740028 | 21/12/2022 | 30/11/2022 | Book |